000 01532nam a22002057a 4500
005 20251125232943.0
008 s2547 th o tha d
040 _aNALT
086 _aสผ 08 1.2 328.32 2546
110 2 _aสำนักงานเลขาธิการสภาผู้แทนราษฎร.
_bสำนักประชาสัมพันธ์
_92399
245 1 0 _aสรุปผลงานสภาผู้แทนราษฎร ชุดที่ 21 ปีที่ 3 สมัยสามัญนิติบัญญัติ พ.ศ. 2546 /
_cสำนักประชาสัมพันธ์ สำนักงานเลขาธิการสภาผู้แทนราษฎร.
260 _aกรุงเทพฯ :
_bสำนักประชาสัมพันธ์ สำนักงานเลขาธิการสภาผู้แทนราษฎร,
_c2547.
300 _a469 หน้า :
_bภาพประกอบ ;
_c29 ซม.
505 2 _aความนำ -- งานด้านการประชุม -- งานด้านกรรมาธิการ -- งานด้านการต่างประเทศ -- ภาพกิจกรรม.
610 2 0 _aสภาผู้แทนราษฎร
_xผลงาน
_y2546
_933547
850 _aNALT
856 4 0 _uhttps://hdl.handle.net/20.500.14156/409164
942 _cPAR
_2local
999 _c42622
_d42622
998 _j1020
_k นางจำเรียง ระวังสำโรง